平成に消滅・改称した山梨県の市町村 - Statistics

General Stats
  • This quiz has been taken 36 times
  • The average score is 44 of 51
Answer Stats
変更年月日 変更内容 回答 変更後の市町村 % Correct
2004.09/01 新設合併 竜王町 甲斐市
100%
2005.11/01 新設合併 勝沼町 甲州市
100%
2006.03/01 編入合併 上九一色村 甲府市
100%
2006.03/01 編入合併 上九一色村 富士河口湖町
100%
2003.03/01 新設合併 南部町 南部町
94%
2003.04/01 新設合併 芦安村 南アルプス市
94%
2003.11/15 新設合併 河口湖町 富士河口湖町
94%
2004.09/01 新設合併 敷島町 甲斐市
94%
2004.09/01 新設合併 双葉町 甲斐市
94%
2004.09/13 新設合併 身延町 身延町
94%
2004.10/12 新設合併 春日居町 笛吹市
94%
2004.10/12 新設合併 御坂町 笛吹市
94%
2004.10/12 新設合併 一宮町 笛吹市
94%
2005.02/13 新設合併 上野原町 上野原市
94%
2005.03/22 新設合併 山梨市 山梨市
94%
2005.11/01 新設合併 塩山市 甲州市
94%
2006.03/15 編入合併 小淵沢町 北杜市
94%
2010.03/08 新設合併 鰍沢町 富士川町
94%
2003.11/15 新設合併 勝山村 富士河口湖町
89%
2004.10/12 新設合併 石和町 笛吹市
89%
2004.11/01 新設合併 白州町 北杜市
89%
2005.02/13 新設合併 秋山村 上野原市
89%
2005.11/01 新設合併 大和村 甲州市
89%
2003.04/01 新設合併 八田村 南アルプス市
83%
2003.04/01 新設合併 白根町 南アルプス市
83%
2004.09/13 新設合併 下部町 身延町
83%
2004.11/01 新設合併 須玉町 北杜市
83%
2004.11/01 新設合併 長坂町 北杜市
83%
2004.11/01 新設合併 大泉村 北杜市
83%
2004.11/01 新設合併 武川村 北杜市
83%
2005.03/22 新設合併 牧丘町 山梨市
83%
2005.03/22 新設合併 三富村 山梨市
83%
2006.02/20 新設合併 田富町 中央市
83%
2006.03/01 編入合併 中道町 甲府市
83%
2010.03/08 新設合併 増穂町 富士川町
83%
2003.03/01 新設合併 富沢町 南部町
78%
2003.04/01 新設合併 櫛形町 南アルプス市
78%
2003.04/01 新設合併 甲西町 南アルプス市
78%
2003.11/15 新設合併 足和田村 富士河口湖町
78%
2004.10/12 新設合併 八代町 笛吹市
78%
2004.10/12 新設合併 境川村 笛吹市
78%
2005.10/01 新設合併 三珠町 市川三郷町
78%
2005.10/01 新設合併 市川大門町 市川三郷町
78%
2006.02/20 新設合併 玉穂町 中央市
78%
2003.04/01 新設合併 若草町 南アルプス市
72%
2004.09/13 新設合併 中富町 身延町
72%
2005.10/01 新設合併 六郷町 市川三郷町
72%
2006.08/01 編入合併 芦川村 笛吹市
72%
2004.11/01 新設合併 明野村 北杜市
67%
2004.11/01 新設合併 高根町 北杜市
67%
2006.02/20 新設合併 豊富村 中央市
67%
No matching quizzes found
Score Distribution
Percent of People with Each Score
Percentile by Number Answered
Your Score History
You have not taken this quiz